| 000 | 00350nmm a2200145 a 4500 | ||
|---|---|---|---|
| 003 | AR-BaBNM | ||
| 005 | 20251128203105.0 | ||
| 008 | 033119s1906 ||||||||||||||000 | spa|| | ||
| 040 | _cAR-BaBNM | ||
| 100 | 1 | _aMauclair, Camille | |
| 245 | 1 | 0 | _aTrois crises de l'art actuel |
| 260 |
_a[S.l.] _bE. Fasquelle _c1906 |
||
| 942 | _cBK | ||
| 998 | _cArchipretre | ||
| 999 |
_c1842 _d1842 |
||